000 00507nam a2200169Ia 4500
999 _c35221
_d35221
003 OSt
005 20201201112925.0
008 190216s9999||||xx |||||||||||||| ||und||
040 _coclc
082 _a920
_bDIV/M
100 _aDivision, Publications
_97086
245 0 _aMahatma Gandhi /
_cPublications Division
260 _bPublications Division Govt. Of India,
_c1958.
_aNew Delhi:
300 _a174p
650 _aGeneral Collections
942 _cBK
_2ddc
_h920
_iDIV/M
_k920
_mDIV/M